Quiz sur Roki Vulović - Statistiques

Statistiques générales
  • Ce quiz a été pris 5 fois
  • Le résultat moyen est 9 sur 15
Statistiques - réponses
Indice Réponse % Correct
Combien d'albums a-t-il publié au total ? 7
100%
Quel pays lui a refusé plusieurs fois un visa d'entrée à cause de cette opposition (⬆) ? Les États-Unis
100%
Quelles langues, outre le serbe, parle-t-il couramment ? (en citer une) Français / Allemand / Italien
80%
De quelle couleur est le bombardier dans l'album "Crni Bombarder" de 1995 ? Noir
80%
Dans quel pays est-il né ? Yougoslavie
80%
En quelle année commence-t-il sa carrière musicale ? 1972
60%
Quel nom porte le style musical de ses albums, principalement populaire dans les Balkans ? La turbo-folk
60%
À quel organisme s'est-il fortement opposé pendant la guerre ? L'OTAN
60%
"Roki" Vulović est son nom de scène. Quel est son vrai prénom ? Rodoljub
60%
Quelle nationalité prit-il par la suite ? Serbe
60%
⬆ Dans quelle ville ? Bijeljina
40%
Quelle unité militaire rejoint-il après la publication de son premier album ? La Garde Panteri
40%
Quel métier a-t-il exercé (outre sa carrière musicale et militaire) Professeur et directeur d'un lycée technique
40%
Dans quel domaine sont dépensés les bénéfices de la vente de ses albums durant la guerre ? Dans le soin aux blessés
20%
Dans quel milieu sa musique est-elle devenue populaire de par son biais implicite ? L'extrême droite
20%
Aucun quiz correspondant
Distribution des résultats
% des personnes avec chaque résultat
Percentile par nombre de réponses
Votre historique - résultats
Vous n’avez pas pris ce quiz